Cultivo del zapote (Registro nro. 33643)

Detalles MARC
000 -CABECERA
Longitud fija campo de control 00689nai a22002057a 4500
003 - IDENTIFICADOR DELl NÚMERO DE CONTROL
Identificador del número de control OSt
005 - FECHA Y HORA DE LA ÚLTIMA TRANSACCIÓN
Fecha y hora de la última transacción 20230211062529.0
007 - CAMPO FIJO DE DESCRIPCIÓN FÍSICA
Campo fijo de descripción f&íacute;sica
008 - CÓDIGOS DE INFORMACIÓN DE LONGITUD FIJA
Códigos de información de longitud fija 191213b xxu||||| |||| 00| 0 eng d
040 ## - FUENTE DE LA CATALOGACIÓN
Centro catalogador de origen BMC
Centro transcriptor BMC
082 ## - NÚMERO DE LA CLASIFICACIÓN DECIMAL DEWEY
Númeroo de clasificación 634
100 1# - PUNTO DE ACCESO PRINCIPAL-NOMBRE DE PERSONA
9 (RLIN) 46930
Nombre de persona Parada Berríos, Fidel Angel
245 10 - MENCIÓN DE TÍTULO
Título Cultivo del zapote
Resto del título : Guía tecnica
Mención de responsabilidad, etc. [Fidel Angel Parada Berríos]
260 ## - PUBLICACIÓN, DISTRIBUCIÓN, ETC. (PIE DE IMPRENTA)
Lugar de publicación, distribución, etc. San Salvador, La Libertad
Nombre del editor, distribuidor, etc. Centro Nacional de Tecnología Agropecuaria y Forestal
Fecha de publicación, distribución, etc. 2003
300 ## - DESCRIPCIÓN FÍSICA
Extensión 40 p.
Dimensiones 27 cm
490 ## - MENCIÓN DE SERIE
Mención de serie Guía técnica
Designación de volumen o secuencia 13
650 20 - PUNTO DE ACCESO ADICIONAL DE MATERIA - TÉRMINO DE MATERIA
Término de materia o nombre geográfico como elemento inicial Huertos, frutas, silvicultura
9 (RLIN) 46929
710 2# - PUNTO DE ACCESO ADICIONAL - NOMBRE DE ENTIDAD
9 (RLIN) 2831
Nombre de entidad o nombre de jurisdicción como elemento inicial Centro Nacional de Tecnología Agropecuaria (El Salvador)
942 ## - ENTRADA DE ELEMENTOS AGREGADOS (KOHA)
Fuente de clasificaión o esquema Dewey Decimal Classification
Koha [por defecto] tipo de item 2- Prensa y Revistas
Parte de clasificación prozim
Existencias
Suprimido Perdido Fuente de clasificación o esquema Estropeado Restricciones de uso No para préstamo Código de colección Localización permanente Localización actual Localización en estanter&íacute;as Fecha adquisición Fuente de adquisición Número de inventario Préstamos totales Signatura completa Código de barras Fecha última consulta Fecha del precio de reemplazo Tipo de item de Koha
NULL NULL Dewey Decimal Classification NULL Prestable NULL NULL Biblioteca Miguel de Cervantes - UNICAES Biblioteca Miguel de Cervantes - UNICAES Sala Principal 17/01/2025 Donación - Vicerrectoria 001117   RVAR- 001117 1052809 17/01/2025 17/01/2025 2- Prensa y Revistas